Cẩm nang phòng ngừa và đối phó với các vụ kiện chống bán phá giá đối với hàng xuất khẩu Việt Nam : Dành cho các doanh nghiệp xuất nhập khẩu
Gespeichert in:
| 1. Verfasser: | |
|---|---|
| Format: | Sách |
| Sprache: | Undetermined |
| Veröffentlicht: |
Lao động - Xã hội
2009
|
| Schlagworte: | |
| Tags: |
Tag hinzufügen
Keine Tags, Fügen Sie den ersten Tag hinzu!
|
| Thư viện lưu trữ: | Trung tâm Thư viện - Trường Đại học Công nghiệp TP. Hồ Chí Minh |
|---|
| LEADER | 00710nam a2200157Ia 4500 | ||
|---|---|---|---|
| 001 | UIH_05054 | ||
| 008 | 231011s9999 xx 000 0 und d | ||
| 082 | |a 346.59707 | ||
| 100 | |a Võ, Thanh Thu | ||
| 245 | 0 | |a Cẩm nang phòng ngừa và đối phó với các vụ kiện chống bán phá giá đối với hàng xuất khẩu Việt Nam : Dành cho các doanh nghiệp xuất nhập khẩu | |
| 245 | 0 | |c Võ, Thanh Thu | |
| 260 | |b Lao động - Xã hội | ||
| 260 | |c 2009 | ||
| 650 | |a Xuất khẩu; Luật thương mại; | ||
| 927 | |a Sách | ||
| 980 | |a Trung tâm Thư viện - Trường Đại học Công nghiệp TP. Hồ Chí Minh | ||